000 01032nam a22002777a 4500
001 9931
003 FISKH
005 20260317121404.0
008 260317b cb ||||| |||| 00| 0 eng d
020 _a9781442413122
040 _aFISKH
_beng
_cFISKH
_dFISKH
050 _aPZ7 .S4565
082 _a428
100 _aSeiss , Ellie
245 _aDora and the unicorn king /
_cadapted by Ellie Seiss based on the screenplay " King Unicornio " written by Rosemary Contreras : illustrated by Victoria Miller
260 _aNew York :
_bSimon Spotlight/ Nickelodeon ,
_c2011.
300 _a24 unnumbered pages :
_bcolor illustrations ;
_c23 cm .
490 _aReady‑To‑Read Dora the Explorer
_vLevel 1
505 _aE
520 _aDora and Boots must help their friend Unicornio get to the castle so he can be crowned king of the enchanted forest.
521 8 _a300
_bLexile estimate
521 8 _aE
_bRaz-Plus
700 _aMiller , Victoria
_eIllustrator
942 _2ddc
_cBK
_n0
999 _c9931
_d9931